00838nam a22002297a 450000500170000001000150001702000260003203500140005803700130007208200140008510000200009924501040011926000380022327000710026130000340033250000190036670000170038570000190040294200280042199900190044995201400046820170814153901.0 aENG-119769 c545.00a9788193033364 aEN-103301 bDBAD/PUB a615.32072 aKhadabadi, S.S. aExperimental pharmacognosy and phytochemistry /cby S.S. Khadabadi, S.L. Deore [and] B.A. Baviskar  aAllahabadbSanket Prakashanc2016 bAllahabada5, Upendra Nath Ashk Marg, Old Khusro Bhag Roade211001 axxii,428p. :c23cm(pbk)bill. aIncludes index aDeore, S.L.  aBaviskar, B.A. cENh615.32072mKHA2lcc c143365d143365 001040718NFICaDBADbDBADd2017-08-14eDBAD/PUBg545.00l0o615.32072 KHApEN-103301r2017-08-14 00:00:00t1v545.00w2017-08-14yEN